| 000 | 00789nam a22002297a 4500 | ||
|---|---|---|---|
| 005 | 20251108165353.0 | ||
| 008 | 250721s1973 xx 000 0 ara d | ||
| 082 | 1 | 4 | _aم/922.13/بست |
| 100 | 1 | _aالبستي، أبو حاتم محمد بن حيان بن أحمد بن حبان ... | |
| 245 | 1 | 0 | _aكتاب الثقات / |
| 264 |
_bدائرة المعارف العثمانية، _c1973. |
||
| 300 | _a9ج | ||
| 490 | 0 | _aالسلسلة الجديدة من مطبوعات دائرة المعارف العثمانية 4/16/1 | |
| 650 | 1 | 7 | _aالمحدثون |
| 650 | 1 | 7 | _aرجال الحديث |
| 650 | 1 | 7 | _aالتراجم |
| 650 | 1 | 7 | _aالسيرة النبوية |
| 650 | 1 | 7 | _aالعرب |
| 650 | 1 | 7 | _aالتاريخ الإسلامي |
| 942 |
_2ddc _cREF |
||
| 999 |
_c26262 _d26262 |
||